000 00469nam a2200181Ia 4500
005 20250326125255.0
008 250326s9999 xx 000 0 und d
037 _aTextbook
040 _aFMSL
_beng
_cFMSL
041 _aeng
_2eng
084 _aX61vN7 L7
_qFMSL
100 _aWiseley W
_9738782
245 0 _aTool of power
_cWiseley W
260 _aNY
_bNY, John Wiley
_c1977
300 _a401p
942 _cTB
_hX61vN7 L7
999 _c1277298
_d1277298